Camera : Victorian Eyewithness : A History of Photography, 1826-1913 /

Guardado en:
Detalles Bibliográficos
Autor principal: Macdonald, Gus (autor)
Formato: Libro
Idioma:Inglés
Publicado: Nueva York, EUA : Viking, 1979, c1979
Temas:
Etiquetas: Agrega una etiqueta
Sin etiquetas, Sé el primero en etiquetar este registro!

MARC

LEADER 00000nam^a2200000^a^4500
001 000455223
005 20250526000000.0
009 20260310123948.223
020 |a 0-670-20056-5 
037 |a Acervo ITESO - Biblioteca 
041 |a ING 
082 |a 770. 9  |b MAC 
100 |a Macdonald, Gus  |e (autor) 
245 1 0 |a Camera :  |b Victorian Eyewithness : A History of Photography, 1826-1913 /  |c G. Macdonald. 
264 4 |a Nueva York, EUA :  |b Viking,  |c 1979, c1979 
300 |a 192 p. ;  |c 25.5 cm. 
336 |a texto  |b txt  |2 rdacontenido 
337 |a sin mediación  |b n  |2 rdamedio 
338 |a volumen  |b nc  |2 rdasoporte 
649 |a XX 
650 |a Fotografía -  |x Historia y Crítica -  |x Tema Principal 
650 |a Fotografía -  |y Siglo XIX 
650 |a Fotografía -  |y Siglo XX 
650 |a Medios de Comunicación -  |x Historia 
650 |a Comunicación Visual -  |x Historia 
650 |a Arte Moderno -  |x Historia y Crítica 
650 |a Arte y Tecnologías de Comunicación e Información -  |x Historia y Crítica 
650 |a Arte -  |x Historia y Crítica 
650 |a Arte -  |y Siglo XIX 
650 |a Arte -  |y Siglo XX 
910 |a Fondo Pedro Valtierra 
920 |a Impresos - Libros 
930 |a Libros Antiguos y Raros 
905 |a 129 
901 |a 0500365347  |b IT2  |c LRA  |i D  |u 20250526 
902 |a https://opac.biblio.iteso.mx/vufind/Record/000455223